| 000 | 00522nam a22001817a 4500 | ||
|---|---|---|---|
| 003 | CEME | ||
| 005 | 20210628203056.0 | ||
| 008 | 210218b xxu||||| |||| 00| 0 eng d | ||
| 020 | _a81-7808-308-6 | ||
| 040 | _c. | ||
| 082 | _a621.3821 WEI | ||
| 100 |
_aWeisman, Carl.J _963179 |
||
| 245 | _aThe essential guide to rf and wireless | ||
| 260 |
_aINDIA _bPEARSON EDUCATION ASIA _c2001 |
||
| 300 | _aXXIII,232P | ||
| 650 |
_aLMDS; ISM; WLL; CDMA; RF AND WIRELESS; GUIDE TO RF AND WIRELESS _963180 |
||
| 942 |
_cBK _2ddc |
||
| 999 |
_c572084 _d572084 |
||